LEADER 01035nam 22003493i 450 001 990001172680203316 005 20080402174602.0 010 $a978-1-85065-589-3 035 $a000117268 035 $aUSA01000117268 035 $a(ALEPH)000117268USA01 035 $a000117268 100 $a20030911d2002----y0itay0103 ba 101 $aeng 102 $aGB 105 $aa ||||||||| 200 1 $a<> History of Postcolonial Lusophone Africa$fa cura di Patrick Chabal$gwith Birmingham ... [et al.] 205 $aC Hurst & Co Publishers Ltd 210 $aLondon$cC Hurst & Co Publishers Ltd$d2002 215 $a230 p.$d22 cm 676 $a960 702 1$aCHABAL,$bPatrick 702 $aBIRMINGHAM,$bDavid 801 2$aIT$bLicosa spa 912 $a990001172680203316 959 $aBK 969 $aLIN 979 $aMARIA$b10$c20030911$lUSA01$h1341 979 $aPATRY$b90$c20040406$lUSA01$h1724 979 $aPATRY$b90$c20080402$lUSA01$h1746 996 $aHistory of Postcolonial Lusophone Africa$9982026 997 $aUNISA LEADER 01323nam2-2200421---450- 001 990006161440203316 005 20160718101920.0 010 $a88-86521-04-9 035 $a000616144 035 $aUSA01000616144 035 $a(ALEPH)000616144USA01 035 $a000616144 100 $a20160718d1995----km-y0itay50------ba 101 $aita 102 $aIT 105 $a||||||||001yy 200 1 $aDimenticare la Rivoluzione$ela cultura di destra nella Francia di fine Ottocento$fVincenza Petyx 210 $aNapoli$cLa città del sole$d1995 215 $a211 p.$d22 cm. 225 2 $a<> pensiero e la storia$fIstituto italiano per gli studi filosofici$v7 410 0$1001000616143$a<> pensiero e la storia$v7 454 1$12001 461 1$1001-------$12001 600 1$aBarres,$bMaurice 600 1$aMaurras,$bCharles 606 0 $aAction française 676 $a320.5330944 700 1$aPETYX,$bVincenza$0252796 801 0$aIT$bsalbc$gISBD 912 $a990006161440203316 951 $aXV.10. Coll. 1/ 1$b253072 L.M.$cXV.10.$d382644 959 $aBK 969 $aUMA 979 $aRIVELLI$b90$c20160718$lUSA01$h1012 979 $aRIVELLI$b90$c20160718$lUSA01$h1018 979 $aRIVELLI$b90$c20160718$lUSA01$h1019 996 $aDimenticare la rivoluzione$9626422 997 $aUNISA